| 000 | 00481nam a2200169 i 4500 | ||
|---|---|---|---|
| 001 | 36797 | ||
| 003 | ES-MaACL | ||
| 005 | 20230906155438.0 | ||
| 007 | t| | ||
| 008 | 030219s1905 fr ||||1| fre d | ||
| 100 | 0 |
_aBoutroux, Émile. _931064 |
|
| 245 | 1 | 0 |
_aDe la contingence des lois de la nature / _cpar Emile Boutroux. |
| 250 | _a5e. ed. | ||
| 260 |
_aParis : _bFélix Alcan, _c1905 ( _eTours : _fArrault et Cie.) |
||
| 300 |
_a170 p. ; _c18 cm. |
||
| 852 |
_aES-MaACL _jF-11949 |
||
| 999 |
_c36797 _d36797 |
||